Enterprise resource planning (ERP) (Record no. 496)
[ view plain ]
| 000 -LEADER | |
|---|---|
| fixed length control field | 00781 a2200193 4500 |
| 008 - FIXED-LENGTH DATA ELEMENTS--GENERAL INFORMATION | |
| fixed length control field | 080820t xxu||||| |||| 00| 0 eng d |
| 010 ## - LIBRARY OF CONGRESS CONTROL NUMBER | |
| LC control number | ENG-84832 |
| 020 ## - INTERNATIONAL STANDARD BOOK NUMBER | |
| International Standard Book Number | . |
| Terms of availability | 750.00 |
| 035 ## - SYSTEM CONTROL NUMBER | |
| System control number | EN-68365 |
| 037 ## - SOURCE OF ACQUISITION | |
| Source of stock number/acquisition | D.B.Act / Pub |
| 082 ## - DEWEY DECIMAL CLASSIFICATION NUMBER | |
| Classification number | 658.401 |
| 100 ## - MAIN ENTRY--PERSONAL NAME | |
| Personal name | Murthy, C. S. V. |
| 245 ## - TITLE STATEMENT | |
| Title | Enterprise resource planning (ERP) |
| Statement of responsibility, etc | by C. S. V. Murthy |
| 260 ## - PUBLICATION, DISTRIBUTION, ETC. (IMPRINT) | |
| Place of publication, distribution, etc | Mumbai |
| Name of publisher, distributor, etc | Himalaya Publishing House |
| Date of publication, distribution, etc | 2006 |
| 270 ## - ADDRESS | |
| Address | Ramdoot, Dr Bhalerao Marg, Girgaon, |
| City | Mumbai |
| State or province | Maharashtra |
| Postal code | 400034 |
| Telephone number | 23860170 |
| Electronic mail address | himpub@vsnl.net.in |
| 300 ## - PHYSICAL DESCRIPTION | |
| Extent | 285 p. ; |
| Dimensions | 24 cm. (Pbb) |
| 942 ## - ADDED ENTRY ELEMENTS (KOHA) | |
| Institution code [OBSOLETE] | dpl |
| Koha item type | English Books |
| Call number prefix | 658.401 / MUR |
| Source of classification or shelving scheme | Dewey Decimal Classification |
| Classification part | 658.401 |
| Call number suffix | MUR |
| Withdrawn status | Lost status | Damaged status | Not for loan | Home library | Current library | Date acquired | Cost, normal purchase price | Total Checkouts | Full call number | Barcode | Date last seen | Copy number | Uniform Resource Identifier | Cost, replacement price | Price effective from | Koha item type |
|---|---|---|---|---|---|---|---|---|---|---|---|---|---|---|---|---|
| D.B.Act.Division | D.B.Act.Division | 20/08/2008 | 240.00 | 658.401 MUR | EN-68365 | 15/09/2008 | 1 | 525 | 240.00 | 15/09/2008 | English Books |
